Libro de la salud familiar (Registro nro. 3664)
[ vista simple ]
| 000 -Cabecera | |
|---|---|
| Campo de control de longitud fija | 00918nam a22003857a 4500 |
| 005 - Fecha y hora de la última transacción | |
| Campo de control | 20250204185220.0 |
| 008 - Elementos de longitud fija--Información general | |
| Campo de control de longitud fija | 150304b2003 xxu||||| |||| 00| 0 spa d |
| 020 ## - International Standard Book Number | |
| Número Internacional Estándar del Libro (ISBN) | 9706557296 |
| 041 ## - Idioma | |
| Código de idioma | Español |
| 082 ## - Clasificación Decimal Dewey | |
| Número de clasificación | 613 L776L3 |
| 100 ## - Entrada principal--Autor personal | |
| Nombre personal | Litin, Scott C. |
| 245 ## - Título propiamente dicho | |
| Título | Libro de la salud familiar |
| 250 ## - Edición | |
| Mención de edición | Tercera edición |
| 260 ## - Pie de imprenta | |
| Lugar de publicación, distribución, etc. | México |
| 260 ## - Pie de imprenta | |
| Nombre del editor, distribuidor, etc. | Editorial Trillas |
| 260 ## - Pie de imprenta | |
| Fecha de publicación, distribución, etc. | 2006 |
| 300 ## - Descripción física | |
| Extensión | 1448 páginas |
| 650 ## - Materia general | |
| Temática (materia general) | SALUD |
| 650 ## - Materia general | |
| Temática (materia general) | ALIMENTACIÓN |
| 650 ## - Materia general | |
| Temática (materia general) | CALIDAD DE VIDA |
| 650 ## - Materia general | |
| Temática (materia general) | MUERTE |
| 650 ## - Materia general | |
| Temática (materia general) | ETAPAS DE LA VIDA |
| 650 ## - Materia general | |
| Temática (materia general) | ADOLESCENCIA |
| 650 ## - Materia general | |
| Temática (materia general) | NIÑEZ |
| 650 ## - Materia general | |
| Temática (materia general) | EMBARAZO |
| 650 ## - Materia general | |
| Temática (materia general) | EMERGENCIAS |
| 650 ## - Materia general | |
| Temática (materia general) | PRIMEROS AUXILIOS |
| 650 ## - Materia general | |
| Temática (materia general) | URGENCIAS |
| 650 ## - Materia general | |
| Temática (materia general) | ENFERMEDAD TERMINAL |
| 650 ## - Materia general | |
| Temática (materia general) | ESTRÉS |
| 650 ## - Materia general | |
| Temática (materia general) | CUIDADOS PALIATIVOS |
| 650 ## - Materia general | |
| Temática (materia general) | DONACIÓN DE ÓRGANOS |
| 650 ## - Materia general | |
| Temática (materia general) | AUTOPSIA |
| 942 ## - Punto de acceso adicional KOHA | |
| Tipo de ítem KOHA | Libro |
| Fuente del sistema de clasificación o colocación | Dewey Decimal Classification |
| Signatura completa | Código de barras | Tipo de ítem |
|---|---|---|
| 613 L776L3 | 18592 | Libro |